Statystyki dla Stolice na literę "a"

Kliknij tutaj aby rozwiązać quiz!

Ogólne statystyki

  • Ten quiz został rozwiązany 141 razy
  • Średni wynik to 10 z 15

Statystyki odpowiedzi

KrajStolica% Poprawnych
HolandiaAmsterdam
99%
AndoraAndora
98%
GrecjaAteny
96%
TurcjaAnkara
92%
AlgieriaAlgier
89%
Zjednoczone Emiraty ArabskieAbu Zabi
69%
MadagaskarAntananarywa
62%
ParagwajAsuncion
59%
EtiopiaAddis Abeba
58%
JordaniaAmman
58%
NigeriaAbudża
48%
GhanaAkra
47%
TurkmenistanAszchabad
44%
ErytreaAsmara
33%
SamoaApia
27%

Rozkład punktacji

Percentyl według liczby udzielonych odpowiedzi

Procent ludzi z każdym wynikiem

Twoja historia wyników

Nie rozwiązałeś tego quizu